1809 1309 1418 1950 1919 1309 1023 1897 1126 1818 1633 1814 1500 1987 1575 1423 1341 1984 1138 1391 1516 1281 1158 1138 1372 1313 1624 1411 1385 1376 1283 1344 1532 1383 1260 1727 1476 1316 1187 1920 1411 1564 1358 1158 1372 1704 1334 1279 1376 1536 1438 1413 1272 1549 1184 1018 1700 1630 1558 1802 1323 1586 1554 1523 1528 1566 1323 1880 1708 1054 1897 1487 1656 1655 1906 1144 1963 1887 1595 1447 1469 1089 1992 1387 1397 1592 1514 1890 1196 1384 1000 1330 1258 1480 1626 1977 1940 1887 1035 BCNSPRNW ULIB Ver.6.0+V

เปลี่ยนเป็นภาษาไทย

Change to English
 แสดงรายละเอียดบรรณานุกรม
  กลับหน้าหลัก

Brief Record : Get Marc (ISO 2709) : E-mail record : QR code < ปิดหน้าต่าง
LEADER : 00000nam 2200000uu 4500
001    13399114027
003     ULIB
008    120110s||||||||th 000 0 tha d
020    9749578058
099    วพ.HM132^bส766ค
100 0  สุดใจ แสงสุนทร
245 00 ความสัมพันธ์ระหว่างความเครียดในงานและความยึดมั่นผูกพันต่อองค์การของพยาบาลประจำการโรงพยาบาลชุมชน จังหวัดฉะเชิงเทรา/^cสุดใจ แสงสุนทร
260    ชลบุรี :^bมหาวิทยาลัยบูรพา,^c2545
300    110 หน้า :^bตาราง
500    วิทยานิพนธ์
650  7 ความเครียด^xวิจัย
650  7 ความยึดมั่นผูกพันธ์ต่อองค์กร
710    มหาวิทยาลัยบูรพา
945    ^p0^l0^i030992
995    ทศพร
999 ^a ทศพร
รายการนี้ยังไม่มีแท็ก
คุณยังไม่ได้ล็อกอิน คุณสามารถมีกิจกรรมร่วมกับเว็บไซต์ได้ แต่ต้องล็อกอินก่อน ::
  ล็อกอิน

รายการสื่อสารสนเทศ

ลำดับที่ ประเภท เลขเรียก/บาร์โค้ด สถานที่ สถานะ
1. วิทยานิพนธ์
วิทยานิพนธ์
วพ.HM132 ส766ค ฉ.1 
  Barcode: 030992
ห้องสมุดวิทยาเขตสวรรค์ประชารักษ์
►วิจัย
บนชั้น

BibComment


ยังไม่เคยถูกคอมเมนท์

คอมเมนท์ทรัพยากรรายการนี้
  คอมเมนท์: ความสัมพันธ์ระหว่..


 Copyright 2026. Bcnsprnw @Library